00675nam a2200217Ia 4500003000400000005001700004008004100021020001800062040001800080041000800098082002400106100002300130245010600153250001200259260003500271300002400306650003900330650002800369650003400397700002600431OSt20230805103147.0210716s1986 xx 000 0 und d a9781850913238 cAIMIT LIBRARY aeng a005.43769 21bLOEJ aLebbecke, James K. aMicrocomputers :bapplications to business problems /cBy James K Loebbecke and Miiklos A Vasarhelyi. a1st ed. aLondon :b KOgan Page ,c1986. axvi,310 p.;c22 cm. aWord processing and related users aElectronic spreadsheets aFinancial modelling softwarre aVasarhelyi, Miklos A.